4 to 13 letters quiz # T - Statistics

General Stats
  • This quiz has been taken 40 times
  • The average score is 7 of 10
Answer Stats
Hint Answer # of Letters % Correct
Seventeenth most populated US state Tennessee 9
89%
Country's capital is Lomé Togo 4
86%
World's most populated metropolitan area Tokyo 5
84%
Transcontinental Eurasian country whose capital was once called Angora Turkey 6
81%
Country bordering Kyrgyzstan and Afghanistan Tajikistan 10
73%
Saparmurat Niyazov's country Turkmenistan 12
73%
Uzbekistan's largest city and capital Tashkent 8
59%
Largest city in Baja California, Mexico Tijuana 7
57%
Central American capital city Tegucigalpa 11
54%
Second largest fluvial group of islands in the world Tupinambarana 13
0%
No matching quizzes found
Score Distribution
Percent of People with Each Score
Percentile by Number Answered
Your Score History
You have not taken this quiz